54_中部地方の市町村(ひらがな対応・五十音順) - Statistics

General Stats
  • This quiz has been taken 20 times
  • The average score is 265 of 316
Answer Stats
種類 都道府県名 市町村名 % Correct
静岡県 熱海市
100%
愛知県 あま市
100%
福井県 あわら市
100%
愛知県 安城市
100%
長野県 飯田市
100%
静岡県 伊豆市
100%
静岡県 伊豆の国市
100%
新潟県 糸魚川市
100%
静岡県 伊東市
100%
長野県 伊那市
100%
愛知県 岩倉市
100%
静岡県 磐田市
100%
長野県 上田市
100%
新潟県 魚沼市
100%
福井県 越前市
100%
福井県 越前町
100%
岐阜県 恵那市
100%
岐阜県 大垣市
100%
福井県 大野市
100%
岐阜県 大野町
100%
愛知県 岡崎市
100%
静岡県 御前崎市
100%
富山県 小矢部市
100%
愛知県 尾張旭市
100%
山梨県 甲斐市
100%
岐阜県 海津市
100%
石川県 加賀市
100%
岐阜県 各務原市
100%
新潟県 柏崎市
100%
愛知県 春日井市
100%
石川県 金沢市
100%
岐阜県 可児市
100%
愛知県 蒲郡市
100%
愛知県 刈谷市
100%
長野県 軽井沢町
100%
愛知県 北名古屋市
100%
岐阜県 岐阜市
100%
岐阜県 郡上市
100%
富山県 黒部市
100%
岐阜県 下呂市
100%
愛知県 江南市
100%
静岡県 湖西市
100%
愛知県 小牧市
100%
長野県 佐久市
100%
長野県 塩尻市
100%
静岡県 静岡市
100%
新潟県 新発田市
100%
静岡県 島田市
100%
静岡県 下田市
100%
新潟県 上越市
100%
岐阜県 白川町
100%
岐阜県 白川村
100%
愛知県 新城市
100%
長野県 諏訪市
100%
岐阜県 関ケ原町
100%
岐阜県 関市
100%
愛知県 瀬戸市
100%
富山県 高岡市
100%
岐阜県 高山市
100%
長野県 高山村
100%
岐阜県 多治見市
100%
愛知県 知多市
100%
長野県 茅野市
100%
愛知県 知立市
100%
新潟県 燕市
100%
福井県 敦賀市
100%
山梨県 都留市
100%
愛知県 東海市
100%
新潟県 十日町市
100%
愛知県 常滑市
100%
富山県 富山市
100%
愛知県 豊川市
100%
愛知県 豊田市
100%
愛知県 豊橋市
100%
新潟県 長岡市
100%
愛知県 長久手市
100%
岐阜県 中津川市
100%
長野県 中野市
100%
長野県 長野市
100%
長野県 南木曽町
100%
愛知県 名古屋市
100%
富山県 南砺市
100%
新潟県 新潟市
100%
愛知県 西尾市
100%
静岡県 沼津市
100%
長野県 野沢温泉村
100%
石川県 能登町
100%
石川県 野々市市
100%
石川県 白山市
100%
岐阜県 羽島市
100%
静岡県 浜松市
100%
岐阜県 東白川村
100%
岐阜県 飛騨市
100%
富山県 氷見市
100%
山梨県 笛吹市
100%
福井県 福井市
100%
静岡県 袋井市
100%
静岡県 藤枝市
100%
山梨県 富士河口湖町
100%
山梨県 富士川町
100%
静岡県 富士市
100%
山梨県 富士吉田市
100%
静岡県 牧之原市
100%
長野県 松本市
100%
静岡県 三島市
100%
岐阜県 瑞浪市
100%
静岡県 南伊豆町
100%
新潟県 南魚沼市
100%
愛知県 南知多町
100%
岐阜県 美濃市
100%
愛知県 | 福井県 美浜町
100%
新潟県 村上市
100%
静岡県 焼津市
100%
山梨県 山梨市
100%
愛知県 愛西市
91%
長野県 阿智村
91%
長野県 安曇野市
91%
岐阜県 安八町
91%
長野県 飯山市
91%
愛知県 一宮市
91%
愛知県 犬山市
91%
岐阜県 揖斐川町
91%
富山県 射水市
91%
山梨県 上野原市
91%
山梨県 大月市
91%
愛知県 大府市
91%
長野県 大町市
91%
長野県 岡谷市
91%
福井県 小浜市
91%
静岡県 掛川市
91%
福井県 勝山市
91%
愛知県 蟹江町
91%
石川県 かほく市
91%
新潟県 加茂市
91%
新潟県 刈羽村
91%
静岡県 河津町
91%
静岡県 函南町
91%
静岡県 菊川市
91%
長野県 木曽町
91%
長野県 木祖村
91%
愛知県 清須市
91%
山梨県 甲府市
91%
静岡県 御殿場市
91%
長野県 駒ヶ根市
91%
石川県 小松市
91%
新潟県 佐渡市
91%
福井県 鯖江市
91%
新潟県 三条市
91%
石川県 志賀町
91%
愛知県 設楽町
91%
静岡県 清水町
91%
石川県 珠洲市
91%
静岡県 裾野市
91%
新潟県 胎内市
91%
愛知県 高浜市
91%
福井県 高浜町
91%
愛知県 武豊町
91%
愛知県 田原市
91%
長野県 千曲市
91%
山梨県 中央市
91%
愛知県 津島市
91%
岐阜県 土岐市
91%
富山県 砺波市
91%
愛知県 飛島村
91%
愛知県 豊明市
91%
石川県 中能登町
91%
石川県 七尾市
91%
富山県 滑川市
91%
静岡県 西伊豆町
91%
山梨県 韮崎市
91%
石川県 能美市
91%
石川県 羽咋市
91%
愛知県 半田市
91%
静岡県 東伊豆町
91%
静岡県 富士宮市
91%
愛知県 扶桑町
91%
愛知県 碧南市
91%
山梨県 南アルプス市
91%
岐阜県 美濃加茂市
91%
新潟県 妙高市
91%
愛知県 みよし市
91%
愛知県 弥富市
91%
静岡県 吉田町
91%
石川県 輪島市
91%
新潟県 阿賀野市
82%
新潟県 阿賀町
82%
愛知県 阿久比町
82%
岐阜県 | 福井県 | 長野県 池田町
82%
山梨県 市川三郷町
82%
愛知県 稲沢市
82%
富山県 魚津市
82%
石川県 内灘町
82%
愛知県 大口町
82%
愛知県 大治町
82%
新潟県 小千谷市
82%
静岡県 小山町
82%
富山県 上市町
82%
石川県 川北町
82%
静岡県 川根本町
82%
岐阜県 岐南町
82%
山梨県 甲州市
82%
福井県 坂井市
82%
長野県 下諏訪町
82%
長野県 須坂市
82%
長野県 立科町
82%
石川県 津幡町
82%
愛知県 東郷町
82%
愛知県 豊根村
82%
愛知県 日進市
82%
富山県 入善町
82%
愛知県 東浦町
82%
石川県 宝達志水町
82%
静岡県 松崎町
82%
岐阜県 瑞穂市
82%
福井県 南越前町
82%
山梨県 身延町
82%
静岡県 森町
82%
山梨県 山中湖村
82%
岐阜県 養老町
82%
福井県 若狭町
82%
岐阜県 輪之内町
82%
富山県 朝日町
73%
長野県 朝日村
73%
福井県 永平寺町
73%
福井県 おおい町
73%
長野県 小谷村
73%
岐阜県 笠松町
73%
愛知県 幸田町
73%
岐阜県 神戸町
73%
長野県 小諸市
73%
岐阜県 坂祝町
73%
山梨県 昭和町
73%
富山県 立山町
73%
岐阜県 垂井町
73%
長野県 天龍村
73%
愛知県 東栄町
73%
長野県 東御市
73%
愛知県 豊山町
73%
静岡県 長泉町
73%
長野県 白馬村
73%
山梨県 早川町
73%
岐阜県 七宗町
73%
長野県 富士見町
73%
富山県 舟橋村
73%
山梨県 北杜市
73%
新潟県 見附市
73%
岐阜県 本巣市
73%
岐阜県 八百津町
73%
岐阜県 山県市
73%
長野県 山形村
73%
新潟県 粟島浦村
64%
新潟県 出雲崎町
64%
長野県 小布施町
64%
長野県 北相木村
64%
山梨県 小菅村
64%
新潟県 五泉市
64%
長野県 栄村
64%
長野県 坂城町
64%
長野県 信濃町
64%
長野県 辰野町
64%
山梨県 丹波山村
64%
山梨県 道志村
64%
山梨県 南部町
64%
長野県 根羽村
64%
長野県 原村
64%
長野県 松川町
64%
長野県 松川村
64%
岐阜県 御嵩町
64%
長野県 南相木村
64%
長野県 南箕輪村
64%
長野県 箕輪町
64%
新潟県 弥彦村
64%
長野県 上松町
55%
石川県 穴水町
55%
長野県 売木村
55%
山梨県 忍野村
55%
長野県 川上村
55%
岐阜県 川辺町
55%
長野県 佐久穂町
55%
新潟県 関川村
55%
新潟県 津南町
55%
長野県 豊丘村
55%
山梨県 鳴沢村
55%
山梨県 西桂町
55%
長野県 御代田町
55%
新潟県 湯沢町
55%
長野県 青木村
45%
長野県 阿南町
45%
長野県 飯綱町
45%
長野県 生坂村
45%
長野県 王滝村
45%
長野県 大鹿村
45%
長野県 麻績村
45%
長野県 木島平村
45%
岐阜県 北方町
45%
新潟県 聖籠町
45%
長野県 喬木村
45%
新潟県 田上町
45%
長野県 筑北村
45%
長野県 中川村
45%
長野県 長和町
45%
長野県 平谷村
45%
長野県 南牧村
45%
長野県 宮田村
45%
長野県 泰阜村
45%
長野県 山ノ内町
45%
長野県 大桑村
36%
長野県 小海町
36%
長野県 高森町
36%
岐阜県 富加町
36%
長野県 飯島町
27%
長野県 小川村
27%
長野県 下條村
27%
No matching quizzes found
Score Distribution
Percent of People with Each Score
Percentile by Number Answered
Your Score History
You have not taken this quiz